Economía
में बचाया:
| मुख्य लेखकों: | , |
|---|---|
| स्वरूप: | पुस्तक |
| भाषा: | स्पेनिश |
| प्रकाशित: |
Ciudad de México
McGraw-Hill
1985
|
| विषय: | |
| टैग: |
टैग जोड़ें
कोई टैग नहीं, इस रिकॉर्ड को टैग करने वाले पहले व्यक्ति बनें!
|
MARC
| LEADER | 00000nam a2200000 a 4500 | ||
|---|---|---|---|
| 001 | UCR7696 | ||
| 003 | CL-VaPUC | ||
| 008 | 980519e19850000MX |||||||||||||||||spa|d | ||
| 082 | 0 | 4 | |a 330 |b FIS |2 21 |
| 100 | 0 | |a Fischer, Stanley |e author |9 409081 | |
| 700 | 0 | |a Dornbusch, Rudiger |e author |9 409082 | |
| 245 | 1 | 0 | |a Economía |
| 300 | |a 1055 p | ||
| 942 | |c BK | ||
| 945 | |d 19980519 00:00:00 |a crobeson | ||
| 260 | |a Ciudad de México |b McGraw-Hill |c 1985 | ||
| 650 | 0 | |a Economía |9 255568 | |
| 650 | 0 | |a Economía internacional |9 258254 | |
| 650 | 0 | |a Macroeconomía |9 260301 | |
| 650 | 0 | |a Microeconomía |9 258126 | |
| 583 | |a last modification |c 20160426 01:18:43 |k Rodrigo Vera | ||
| 999 | |c 269286 |d 269284 | ||